Weather derivates and hedging the weather risks

Deriváty počasia ako relatívne nový finančný produkt - výhody a nevýhody nástroja zmiernenia strát zo suboptimálnych podmienok počasia. Zloženie derivátu (futures a options). Potenciál derivátov počasia. Charakteristika hedging programov.

Salvato in:
Dettagli Bibliografici
Autore principale: Taušer, Josef
Altri autori: Čajka, Radek
Natura: Capitolo di libro
Lingua:inglese
Soggetti:
Tags: Aggiungi Tag
Nessun Tag, puoi essere il primo ad aggiungerne!!

MARC

LEADER 00000naa a2200000 4500
001 0192308
005 20231211071615.2
041 0 |a eng 
044 |a CZ 
245 1 0 |a Weather derivates and hedging the weather risks  |c Josef Taušer, Radek Čajka 
520 |a Deriváty počasia ako relatívne nový finančný produkt - výhody a nevýhody nástroja zmiernenia strát zo suboptimálnych podmienok počasia. Zloženie derivátu (futures a options). Potenciál derivátov počasia. Charakteristika hedging programov. 
610 2 0 |a fondy finančné 
610 2 0 |a nástroje finančné 
610 2 0 |a deriváty 
610 2 0 |a riziko 
610 2 0 |a počasie 
610 2 0 |a hedging 
100 1 |a Taušer, Josef 
700 1 |a Čajka, Radek